|
|
|
|
| LEADER |
01204nam a2200253 4500 |
| 001 |
c000191805 |
| 003 |
CARM |
| 005 |
20021125001300.0 |
| 008 |
791228s1963 nyu 00010 eng d |
| 019 |
1 |
|
|a 1576651
|z 28143652
|5 LACONCORD2021
|
| 035 |
|
|
|a (OCoLC)3260399
|5 LACONCORD2021
|
| 040 |
|
|
|a Xerox
|
| 050 |
0 |
0 |
|a PN6112
|b .B58
|
| 100 |
1 |
|
|a Bonazza, Blaze Odell,
|e ed.
|
| 245 |
1 |
0 |
|a Studies in drama
|c [by] Blaze O. Bonazza and Emil Roy
|
| 260 |
|
|
|a New York,
|b Harper & Row
|c [c1963-64]
|
| 300 |
|
|
|a 2v.
|c 26 cm.
|
| 505 |
0 |
|
|a [form A] Antigone, by Sophocles. A midsummer night's dream, by Shakespeare. An enemy of the people, by Ibsen. Candida by Shaw. The glass menagerie, by Williams. Glossary.--form B King Lear, by Shakespeare. The master builder, by Ibsen. The cherry orchard, by Chekhov. Heartbreak house, by Shaw. Desire under the elms, by O'Neill. Our town, by Wilder. Glossary.
|
| 650 |
|
0 |
|a Drama.
|
| 700 |
1 |
|
|a Roy, Emil,
|e joint ed.
|
| 852 |
8 |
|
|b CARM
|h A2:AN09G0
|i C08327
|p 0304749
|f BK
|
| 082 |
0 |
4 |
|a 822.08
|
| 999 |
f |
f |
|i f770ffb5-1d76-5918-b8f3-f60ffa71fe8b
|s 991a8472-b5b0-596a-b066-0d31e72208f9
|
| 952 |
f |
f |
|p Can circulate
|a CAVAL
|b CAVAL
|c CAVAL
|d CARM 1 Store
|e C08327
|f A2:AN09G0
|h Other scheme
|i book
|m 0304749
|